000 00630cam a2200193 4500500
005 20260405004104.0
041 _afre
042 _adc
100 1 0 _aLarmagnac-Matheron, Octave
_eauthor
245 0 0 _aTolkien est-il raciste ?
260 _c2022.
500 _a84
690 _aHeroic fantasy
690 _aRacisme
690 _aSeigneur des Anneaux
690 _aTolkien
786 0 _nPhilosophie magazine - Hors séries | Hors série - Été-Autome 2022 | HS54 | 2022-07-01 | p. 12-12 | 2104-9246
856 4 1 _uhttps://shs.cairn.info/magazine-philosophie-magazine-2022-hs54-page-12?lang=fr&redirect-ssocas=7080
999 _c2073607
_d2073607